The role of employment and earnings in analyzing levels of living : a general methodology with applications to Malaysia and Thailand /

Bibliographic Details
Main Author: Grootaert, Christiaan, 1950-
Format: Book
Language:English
Published: Washington, D.C., U.S.A. : World Bank, [1986]
Series:LSMS working papers ; no. 27.
Subjects:

MARC

Tag First Indicator Second Indicator Subfields
LEADER 00000pam a2200000 a 4500
001 in00000577397
005 20151014073415.0
008 860801s1986 dcua bs 00010 eng
010 |a  86019104  
020 |a 0821308262 (pbk.) 
035 |a (OCoLC)14098412 
035 |9 ACP4420AM 
040 |a DLC  |c DLC  |d m/c  |d TXA  |d UtOrBLW 
043 |a a-th---  |a a-my--- 
049 |a TXAM  |c [A10034812] 
050 0 0 |a HD6978  |b .G75 1986 
082 0 |a 339.4/1  |2 19 
100 1 |a Grootaert, Christiaan,  |d 1950- 
245 1 4 |a The role of employment and earnings in analyzing levels of living :  |b a general methodology with applications to Malaysia and Thailand /  |c Christiaan Grootaert. 
264 1 |a Washington, D.C., U.S.A. :  |b World Bank,  |c [1986] 
264 4 |c ©1986 
300 |a xiv, 278 pages :  |b illustrations ;  |c 27 cm. 
336 |a text  |b txt  |2 rdacontent 
337 |a unmediated  |b n  |2 rdamedia 
338 |a volume  |b nc  |2 rdacarrier 
490 1 |a LSMS working papers,  |x 0253-4517 ;  |v no. 27 
504 |a Bibliography: pages 269-278. 
650 0 |a Cost and standard of living  |x Statistical methods. 
650 0 |a Wages  |x Statistical methods. 
650 0 |a Labor supply  |x Statistical methods. 
650 0 |a Cost and standard of living  |z Thailand. 
650 0 |a Cost and standard of living  |z Malaysia. 
830 0 |a LSMS working papers ;  |v no. 27. 
999 |a MARS 
999 f f |s 691aaf26-debe-3e2c-a955-0fa020a84109  |i 300d461f-c65e-3aad-8f66-59e72c35aef1  |t 0 
952 f f |p ric  |a Texas A&M University  |b Rellis Campus  |c Joint Library Facility  |d Remote Storage  |t 0  |e HD6978 .G75 1986  |h Library of Congress classification  |i unmediated -- volume  |m A14810034812 
998 f f |a HD6978 .G75 1986  |t 0  |l Remote Storage